| 000 | 00378nam a2200157Ia 4500 | ||
|---|---|---|---|
| 008 | 230524s9999 xx 000 0 und d | ||
| 082 |
_a612.3812 _bRAJ |
||
| 100 |
_aK.Rajeswaran _96205 |
||
| 245 | 0 | _aElectric Circuit Theory | |
| 250 | _a1ST | ||
| 260 |
_aSINGAPORE _bPearson _c2004 |
||
| 300 | _aXIV;519 | ||
| 500 | _aQuantity Number: 1 | ||
| 650 | _aElectrical | ||
| 942 | _cBK | ||
| 999 |
_c8721 _d8721 |
||